| 000 | 00807cab a22001815a 4500 | ||
|---|---|---|---|
| 001 | L144764 | ||
| 008 | 080811s2008 xxk f s 000 0 eng d | ||
| 035 | _a(Sirsi) u144764 | ||
| 041 | 0 | _aeng | |
| 100 | 1 | _aDixon, Tim | |
| 245 | 0 | 0 |
_aZero carbon _bcastles in the air? |
| 260 | _c2008 | ||
| 490 |
_aProperty Forecast _v11(7) July 2008, 10-11(2) |
||
| 520 | _aArticle analyses several reports on zero carbon construction and how we might implement their recommendations. Also examines microgeneration technologies and suggests that while they can play an important part in the drive towards zero carbon construction, a supportive framework of legislation and guidance is required to help them flourish. | ||
| 651 | 4 |
_aUnited Kingdom _y |
|
| 690 | _aBUILT ENVIRONMENT-SUSTAINABLE CONSTRUCTION | ||
| 942 | _n0 | ||
| 999 |
_c80580 _d80580 |
||